Elementary differential equations and boundary value problems (Record no. 85)

MARC details
000 -LEADER
fixed length control field 00532 a2200181 4500
001 - CONTROL NUMBER
control field 002471
003 - CONTROL NUMBER IDENTIFIER
control field OSt
005 - DATE AND TIME OF LATEST TRANSACTION
control field 20220127121107.0
008 - FIXED-LENGTH DATA ELEMENTS--GENERAL INFORMATION
fixed length control field
082 ## - DEWEY DECIMAL CLASSIFICATION NUMBER
Classification number 515.35
Item number B69E
100 1# - MAIN ENTRY--PERSONAL NAME
Personal name Diprima, Richard C.
245 1# - TITLE STATEMENT
Title Elementary differential equations and boundary value problems
Statement of responsibility, etc by Richard C. Diprima and E. William Boyce
260 ## - PUBLICATION, DISTRIBUTION, ETC. (IMPRINT)
Place of publication, distribution, etc India
Name of publisher, distributor, etc Wiley
Date of publication, distribution, etc 2010
300 ## - PHYSICAL DESCRIPTION
Extent 796p.
653 ## - INDEX TERM--UNCONTROLLED
Uncontrolled term Differential equations; Boundary value problems
700 ## - ADDED ENTRY--PERSONAL NAME
Personal name Boyce, E. William
942 ## - ADDED ENTRY ELEMENTS (KOHA)
Source of classification or shelving scheme Dewey Decimal Classification
Koha item type Books
Holdings
Withdrawn status Lost status Damaged status Not for loan Collection code Home library Current library Date acquired Source of acquisition Cost, normal purchase price Total Checkouts Full call number Barcode Date last seen Date checked out Price effective from Koha item type
        General Text Book Central University Of Rajasthan Central University Of Rajasthan 28/09/2010 MTH 499.00 1 515.35 B69E 2463 24/04/2025 16/04/2025 02/09/2020 Books
        General Text Book Central University Of Rajasthan Central University Of Rajasthan 28/09/2010 MTH 499.00 2 515.35 B69E 2464 21/11/2024 22/09/2022 02/09/2020 Books